Areas of contention and co-operation (Record no. 74338)

MARC details
000 -LEADER
fixed length control field 01190cab a2200265 4500
001 - CONTROL NUMBER
control field ABS67636
008 - FIXED-LENGTH DATA ELEMENTS--GENERAL INFORMATION
fixed length control field 040401n2004 000 0 eng u
035 ## - SYSTEM CONTROL NUMBER
System control number (Sirsi) u125705
245 ## - TITLE STATEMENT
Title Areas of contention and co-operation
260 ## - PUBLICATION, DISTRIBUTION, ETC.
Date of publication, distribution, etc. 2004
490 ## - SERIES STATEMENT
Series statement Estates Gazette
Volume/sequential designation (0411) 13 March 2004, 134-135(2)
520 ## - SUMMARY, ETC.
Summary, etc. Second part of a summary of presentations by Wragge and Co at a landlord and tenant update seminar. One of the cases summarised "Blockbuster Entertainment Ltd v Barnsdale Properties Ltd" (ChD, 11 November 2003) highlighted the cost to a landlord in delaying consent. The key changes to the Landlord and Tenant Act 1954 are explained. The new stamp duty land tax rules and charges are outlined. A full set of notes is available from [email protected].
590 ## - LOCAL NOTE (RLIN)
Local note ABS
650 ## - SUBJECT ADDED ENTRY--TOPICAL TERM
Topical term or geographic name entry element BLOCKBUSTER ENTERTAINMENT LTD V BARNSDALE PROPERTIES LTD
650 ## - SUBJECT ADDED ENTRY--TOPICAL TERM
Topical term or geographic name entry element ALIENATION
650 ## - SUBJECT ADDED ENTRY--TOPICAL TERM
Topical term or geographic name entry element LEASE RENEWALS
650 ## - SUBJECT ADDED ENTRY--TOPICAL TERM
Topical term or geographic name entry element LANDLORD AND TENANT ACT 1954
650 ## - SUBJECT ADDED ENTRY--TOPICAL TERM
Topical term or geographic name entry element CONSENT
650 ## - SUBJECT ADDED ENTRY--TOPICAL TERM
Topical term or geographic name entry element STAMP DUTY LAND TAX
650 ## - SUBJECT ADDED ENTRY--TOPICAL TERM
Topical term or geographic name entry element FINANCE ACT 2003
650 ## - SUBJECT ADDED ENTRY--TOPICAL TERM
Topical term or geographic name entry element REFORMS
650 ## - SUBJECT ADDED ENTRY--TOPICAL TERM
Topical term or geographic name entry element EXCLUSION ORDERS
690 ## - LOCAL SUBJECT ADDED ENTRY--TOPICAL TERM (OCLC, RLIN)
Topical term or geographic name as entry element LANDLORD AND TENANT-BUSINESS TENANCIES
942 ## - ADDED ENTRY ELEMENTS (KOHA)
Suppress in OPAC 0
Holdings
Withdrawn status Lost status Source of classification or shelving scheme Damaged status Not for loan Home library Current library Shelving location Date acquired Total Checkouts Full call number Barcode Date last seen Copy number Price effective from Koha item type
    Dewey Decimal Classification     London London Journal article 01/04/2004   ABS67636 125705-1001 06/08/2019 1 06/08/2019 Journal article